Crisis de Hegemonía de Estados Unidos /
Uloženo v:
| Hlavní autor: | |
|---|---|
| Další autoři: | |
| Médium: | Text |
| Vydáno: |
México, D. F:
CLACSO. Siglo Ventiuno Editores
|
| Témata: | |
| Tagy: |
Přidat tag
Žádné tagy, Buďte první, kdo vytvoří štítek k tomuto záznamu!
|
MARC
| LEADER | 00000 a a2200000 04500 | ||
|---|---|---|---|
| 001 | 37301 | ||
| 003 | |||
| 040 | |a CRAI/IIS |c CRAI/IIS | ||
| 020 | |a 978-968-23-2676-9 | ||
| 090 | |a US.0003 C932c | ||
| 100 | |a Castillo Fernéndez, Didímo | ||
| 245 | |a Crisis de Hegemonía de Estados Unidos / |c Didímo Castillo Fernéndez | ||
| 260 | |a México, D. F: |b CLACSO. Siglo Ventiuno Editores | ||
| 650 | |a HEGEMONIA | ||
| 650 | |a ECONOMIA | ||
| 650 | |a CAPITALISMO | ||
| 650 | |a ESTADOS UNIDOS | ||
| 700 | |a Caputo Leiva, Orlando |a Grobart Sunchine, Fabio |a Hernández Martínez, Jorge |a I. Canales, Alejandro |a Martins, Carlos Eduardo |a Priestley, George |a Quintero Rivera, Ängen G. |a Salinas Figueredo, Darío |a Suárez Salazar, Luis |a Toro Pérez | ||
| 999 | |c 16581 |d 16581 | ||



